El libro de las tierras virgenes
Enregistré dans:
| Auteur principal: | |
|---|---|
| Format: | Livre |
| Langue: | espagnol |
| Publié: |
Santiago
Zig-Zag
1949
|
| Collection: | Biblioteca Popular Juvenil
|
| Sujets: | |
| Tags: |
Ajouter un tag
Pas de tags, Soyez le premier à ajouter un tag!
|
MARC
| LEADER | 00000nam a2200000 a 4500 | ||
|---|---|---|---|
| 001 | UCP9215 | ||
| 003 | CL-VaPUC | ||
| 008 | 000324e19490000CL |||||||||||||||||spa|d | ||
| 082 | 0 | 4 | |a 823 |b KIP |2 21 |
| 100 | |a Kipling, Rudyard |e author |9 345267 | ||
| 245 | 1 | 3 | |a El libro de las tierras virgenes |
| 300 | |a 143 p | ||
| 942 | |c BK | ||
| 945 | |d 20000324 00:00:00 |a rbrito | ||
| 260 | |a Santiago |b Zig-Zag |c 1949 | ||
| 650 | 0 | |a Novelas inglesas |9 265220 | |
| 583 | |a last modification |c 20120511 12:21:38 |k Rodrigo Vera | ||
| 490 | 0 | |a Biblioteca Popular Juvenil | |
| 999 | |c 286053 |d 286051 | ||
| 952 | |0 0 |1 0 |4 0 |6 823_000000000000000_KIP_1949 |7 0 |8 A |9 331316 |a BIBEDU |b BIBEDU |d 2019-11-20 |i 3596907 |o 823 KIP 1949 |p 3596907 |r 2019-11-20 |w 2019-11-20 |y BK |k LIT | ||